| 000 | 02054nam a2200421Ia 4500 | ||
|---|---|---|---|
| 005 | 20220317001350.0 | ||
| 008 | 161108s ck g 000 0 spa | ||
| 020 | _a9789582008529 | ||
| 082 | 0 | 4 |
_a323.6 _bC65 |
| 245 | 1 | 0 |
_aComprensiones sobre ciudadanía _bveintitrés expertos internacionales conversan sobre cómo construir ciudadanía y aprender a entenderse _cLuigi Arcudi... [y otros veintidós] |
| 250 | _a2a. edición | ||
| 300 |
_a227 páginas _c24 cm |
||
| 490 | _aTransversales | ||
| 505 | _aCiudadanía proactiva, pactos de convivencia y paz -- Ciudadanos del mundo responsables y solidarios -- Asociarse para ejercer la ciudadanía -- Leer la historia y construir ciudadanía -- La eficacia de perdonar -- Espacios para la construcción ciudadana | ||
| 650 | 1 | 4 |
_2LEMB _aCiudadanía _xCongresos, conferencias, etc |
| 650 | 1 | 4 |
_2LEMB _aParticipación social _xCongresos, conferencias, etc |
| 650 | 1 | 4 |
_2LEMB _aDemocracia _xCongresos, conferencias, etc |
| 650 | 1 | 4 |
_2LEMB _aEducación cívica _xCongresos, conferencias, etc |
| 650 | 1 | 4 |
_2LEMB _aParticipación ciudadana _xCongresos, conferencias, etc |
| 650 | 1 | 4 |
_2LEMB _aÉtica social _xCongresos, conferencias, etc |
| 700 | 1 |
_aPétris, Richard _971510 |
|
| 700 | 1 |
_aArcudi, Luigi _971511 |
|
| 700 | 1 |
_aWray, Dylan _971512 |
|
| 700 | 1 |
_aHolter, Anthony _971513 |
|
| 700 | 1 |
_aHart, Roger A. _971514 |
|
| 700 | 1 |
_aPinto, Luisa _971515 |
|
| 700 | 1 |
_aRoche, Robert _971516 |
|
| 700 | 1 |
_aBravo, Amanda _971517 |
|
| 700 | 1 |
_aLind, George _971518 |
|
| 700 | 1 |
_aPadilha, Paulo _971519 |
|
| 740 | _aCiudadanos del mundo responsables y solidarios \\ Asociarse para ejercer la ciudadanía \\ Leer la historia y construir ciudadanía \\ La eficacia de perdonar \\ Espacios para la construcción ciudadana \\ De la escuela a la sociedad educadora \\ Lo prosocia | ||
| 942 |
_2ddc _cBK |
||
| 264 |
_aBogotá _bMagisterio |
||
| 336 |
_atexto _btxt _2rdacontent |
||
| 337 |
_asin mediación _bn _2rdamedia |
||
| 338 |
_avolumen _bnc _2rdacarrier |
||
| 040 |
_aCO-BoRNBP _bspa _erda _cCO-BoRNBP |
||
| 999 |
_c6747 _d6747 |
||